| 000 | 00484cam a2200169ua 4500 | ||
|---|---|---|---|
| 003 | OSt | ||
| 008 | 241226b |||||||| |||| 00| 0 eng d | ||
| 041 | _aeng | ||
| 082 |
_a621.3192 _bEDM/SC |
||
| 100 |
_aEdminister, Joseph A. _96597 |
||
| 245 | _aSchaum`s outlines of theory and problems of electric circuits / | ||
| 250 | _a2 / | ||
| 260 |
_aNew Delhi : _bTata Mc-Graw Hill Publishing Company , _c1994. |
||
| 300 | _a298 ; . | ||
| 490 | 0 | _aSchaum` s outline series, | |
| 942 | _cBK | ||
| 999 |
_c1413 _d1413 |
||